00313nam a2200121Ia 45000030006000000080041000060400015000471000025000622450043000872600032001305460012001620050017001740STCL150530s9999 xx 000 0 und d aSTCLcSTCL aKrishnaswamy,K.S. Ed aReserve Bank of India Bullettin vol-26 bReserve Bank of Indiac1972 aEnglish20220125165418.0